El asesino se ha vuelto loco / (Record no. 95860)

MARC details
000 -LEADER
campo de control de longitud fija 00787nam a2200241 i 4500
001 - NÚMERO DE CONTROL
campo de control 95860
003 - IDENTIFICADOR DE NÚMERO DE CONTROL
campo de control ES-MaACL
005 - FECHA Y HORA DE LA ÚLTIMA TRANSACCIÓN
campo de control 20231229062543.0
007 - CAMPO FIJO DE DESCRIPCIÓN FÍSICA--INFORMACIÓN GENERAL
campo de control de longitud fija t|
008 - DATOS DE LONGITUD FIJA--INFORMACIÓN GENERAL
campo de control de longitud fija 050606s1952 sp ||||1| spa d
080 ## - NÚMERO DE LA CLASIFICACIÓN DECIMAL UNIVERSAL
Número de la Clasificación Decimal Universal 821.111-31"19"
100 1# - ENTRADA PRINCIPAL--NOMBRE DE PERSONA
Nombre de persona MacDonald, Philip.
9 (RLIN) 75120
245 13 - MENCIÓN DEL TÍTULO
Título El asesino se ha vuelto loco /
Mención de responsabilidad, etc. Philip MacDonald ; traducción del inglés por G. y L. Gossé ; nota preliminar de F.S.R.
260 ## - PUBLICACIÓN, DISTRIBUCIÓN, ETC.
Lugar de publicación, distribución, etc. Madrid :
Nombre del editor, distribuidor, etc. Aguilar,
Fecha de publicación, distribución, etc. 1952.
300 ## - DESCRIPCIÓN FÍSICA
Extensión 471 p., 1 lám. retr. aut. ;
Dimensiones 12 cm.
490 1# - MENCIÓN DE SERIE
Mención de serie Crisol ;
Designación de volumen o secuencia 346
700 1# - ENTRADA AGREGADA--NOMBRE PERSONAL
Nombre de persona Gossé, G.
9 (RLIN) 59257
700 1# - ENTRADA AGREGADA--NOMBRE PERSONAL
Nombre de persona Gossé, L. (
Fechas asociadas al nombre 1916-2001)
9 (RLIN) 156828
700 1# - ENTRADA AGREGADA--NOMBRE PERSONAL
Nombre de persona Sainz de Robles, Federico Carlos,
Fechas asociadas al nombre 1898-1982
9 (RLIN) 101593
830 0# - PUNTO DE ACCESO ADICIONAL DE SERIE-TÍTULO UNIFORME
Título uniforme Crisol ;
Designación de volumen o secuencia 346
9 (RLIN) 180848
852 ## - LOCALIZACIÓN
Ubicación ES-MaACL
Número de control de estantería D-8392
Holdings
Estatus retirado Estado de pérdida Estado de daño No para préstamo Biblioteca de origen Biblioteca actual Ubicación en estantería Fecha de adquisición Fuente de adquisición Total de préstamos Signatura topográfica completa Código de barras Visto por última vez Precio de reemplazo Tipo de ítem Koha
        Biblioteca del Ateneo de Madrid Biblioteca del Ateneo de Madrid Sala Valle Inclán 17/01/2008     D-8392 901100093 23/02/2023 23/02/2023 Libro impreso